[Event "Vlissingen HZ op 22nd"]
[Site "Vlissingen"]
[Date "2018.08.05"]
[Round "3"]
[White "Hesse, Henrik"]
[Black "De Jong, Roel M"]
[Result "1-0"]
[WhiteElo "2137"]
[BlackElo "1880"]
[PlyCount "53"]
[EventDate "2018.08.04"]
[EventType "swiss"]
[EventRounds "9"]
[EventCountry "NED"]
[SourceTitle "CBM 185 Extra"]
[Source "ChessBase"]
[SourceDate "2018.07.29"]
[SourceVersion "1"]
[SourceVersionDate "2018.07.29"]
[SourceQuality "1"]

1. c4 Nf6 2. g3 g6 3. Bg2 Bg7 4. Nc3 0-0 5. e3 d6 6. Nge2 e5 7. d3 c6 8. 0-0 a5 9. Rb1 Na6 10. a3 Qe7 11. b4 axb4 12. axb4 Bd7 13. Na4 Nh5 14. Nb6 Rad8 15. b5 Nc7 16. Nxd7 Qxd7 17. bxc6 bxc6 18. Rb7 Ra8 19. Qb3 Ra6 20. Bd2 Nf6 21. Rb1 Rc8 22. Rb8 Ne6 23. Bh3 Ra8 24. Rb6 Rd8 25. Rb7 Qe8 26. Bb4 Rab8 27. Bxd6 1-0